|
|
|
|
| LEADER |
00000nab a2200000 a 4500 |
| 001 |
vtls010084566 |
| 003 |
SK-MaSNL |
| 005 |
20260303080642.0 |
| 008 |
140512c2010 xo mr|p||||||||00 ||slo |
| 015 |
|
|
|a SNBRB2010/04
|2 snkbucl
|
| 038 |
|
|
|a SNKBUCL
|
| 040 |
|
|
|a SNKBUCL
|b slo
|e AACR2
|c SNKBUCL
|
| 041 |
0 |
|
|a slo
|
| 044 |
|
|
|a xo
|c SK
|
| 080 |
|
|
|a 78.071.2:792.54
|2 2001
|
| 080 |
|
|
|a 792.54
|2 2001
|
| 080 |
|
|
|a 929 Hanák, Bohuš
|2 2001
|
| 245 |
0 |
0 |
|a Zomrel Bohuš Hanák
|
| 600 |
1 |
7 |
|a Hanák, Bohuš,
|d 1925-2010
|2 snkbucl
|9 117188
|
| 655 |
|
7 |
|a správy o úmrtí
|2 snkbucl
|9 893773
|
| 773 |
0 |
|
|t Kultúra
|g Roč. XIII, č. 6 (2010), s. 9
|x 1335-3470
|
| 852 |
|
|
|a SNK
|b KIS3GCP
|
| 856 |
4 |
1 |
|u http://www.kultura-fb.sk/new/old/archive/pdf/kult0610.pdf
|
| 958 |
|
|
|a BX
|
| 999 |
|
|
|c 1781421
|d 1783351
|